| 000 | 00552nam a2200217Ia 4500 | ||
|---|---|---|---|
| 003 | OSt | ||
| 005 | 20230605121222.0 | ||
| 008 | 210423s2018 xx 000 0 und d | ||
| 020 | _a978-81-8152-437-9 | ||
| 040 | _cAL | ||
| 041 | _aeng | ||
| 082 | _a361.3 ATIS | ||
| 100 |
_aATIK-UR-RAHAMAN (S M) _9119584 |
||
| 245 | _aSocial work fields and practice | ||
| 260 |
_aJaipur _bBook Enclave _c2018 |
||
| 300 |
_a213 _bHB |
||
| 365 |
_b1450 _cINR |
||
| 650 |
_aSocial Work _9119585 |
||
| 906 | _afields ; practice ; Social ; work | ||
| 942 |
_2ddc _cBK |
||
| 999 |
_c176624 _d176624 |
||